000 00344nam a2200121Ia 4500
008 220217s9999||||xx |||||||||||||| ||und||
082 _a005.13 SLA
100 _aSlack, James, M
_92830
245 0 _aProgramming and problems soloving with java
260 _aBrooks cole
_bAustralia
_c2000
300 _b1122
650 _aPROGRAMMING LANGUAGE
999 _c170096
_d170096